<?xml version="1.0" encoding="UTF-8"?><?xml-stylesheet type="text/xsl" href="static/style.xsl"?><OAI-PMH xmlns="http://www.openarchives.org/OAI/2.0/" xmlns:xsi="http://www.w3.org/2001/XMLSchema-instance" xsi:schemaLocation="http://www.openarchives.org/OAI/2.0/ http://www.openarchives.org/OAI/2.0/OAI-PMH.xsd"><responseDate>2026-06-03T23:33:18Z</responseDate><request verb="GetRecord" identifier="oai:riuma.uma.es:10630/39123" metadataPrefix="marc">https://riuma.uma.es/rest/oai/request</request><GetRecord><record><header><identifier>oai:riuma.uma.es:10630/39123</identifier><datestamp>2026-02-03T11:34:06Z</datestamp><setSpec>com_10630_2254</setSpec><setSpec>col_10630_37953</setSpec></header><metadata><record xmlns="http://www.loc.gov/MARC21/slim" xmlns:dcterms="http://purl.org/dc/terms/" xmlns:doc="http://www.lyncode.com/xoai" xmlns:xsi="http://www.w3.org/2001/XMLSchema-instance" xsi:schemaLocation="http://www.loc.gov/MARC21/slim http://www.loc.gov/standards/marcxml/schema/MARC21slim.xsd">
   <leader>00925njm 22002777a 4500</leader>
   <datafield ind2=" " ind1=" " tag="042">
      <subfield code="a">dc</subfield>
   </datafield>
   <datafield ind2=" " ind1=" " tag="720">
      <subfield code="a">Martínez-Jiménez, Eva María</subfield>
      <subfield code="e">author</subfield>
   </datafield>
   <datafield ind2=" " ind1=" " tag="720">
      <subfield code="a">Pereiro-Buceta, Héctor</subfield>
      <subfield code="e">author</subfield>
   </datafield>
   <datafield ind2=" " ind1=" " tag="720">
      <subfield code="a">Palomo-López, Patricia</subfield>
      <subfield code="e">author</subfield>
   </datafield>
   <datafield ind2=" " ind1=" " tag="720">
      <subfield code="a">Navarro-Flores, Emmanuel María</subfield>
      <subfield code="e">author</subfield>
   </datafield>
   <datafield ind2=" " ind1=" " tag="720">
      <subfield code="a">Jiménez-Cebrián, Ana María</subfield>
      <subfield code="e">author</subfield>
   </datafield>
   <datafield ind2=" " ind1=" " tag="720">
      <subfield code="a">Losa-Iglesias, Marta Elena</subfield>
      <subfield code="e">author</subfield>
   </datafield>
   <datafield ind2=" " ind1=" " tag="720">
      <subfield code="a">Becerro-de-Bengoa-Vallejo, Ricardo</subfield>
      <subfield code="e">author</subfield>
   </datafield>
   <datafield ind2=" " ind1=" " tag="720">
      <subfield code="a">López-López, Daniel</subfield>
      <subfield code="e">author</subfield>
   </datafield>
   <datafield ind2=" " ind1=" " tag="260">
      <subfield code="c">2021-12</subfield>
   </datafield>
   <datafield ind2=" " ind1=" " tag="520">
      <subfield code="a">Antecedentes: El índice de actividad de la enfermedad de la artritis reumatoide (RADAI-F5) se usa para evaluar la gravedad de la enfermedad de la artritis reumatoide en el pie. Hoy en día, RADAI-F5 ha sido validado en diferentes idiomas; sin embargo, faltaba una versión en español. Por lo tanto, el propósito de esta investigación era traducir y validar la versión en español (RADAI-F5-es). Métodos: Se realizó una traducción intercultural del cuestionario RADAI-F5 del inglés al español. Para validar su uso, se seleccionaron 50 sujetos con artritis reumatoide que respondieron al cuestionario traducido dos veces en un intervalo de menos de 3 meses para verificar las propiedades psicométricas. Resultados: Excelente acuerdo entre las dos versiones de acuerdo con el Cronbach. Cinco dominios con respecto a la actividad de artritis en la ternura de la articulación de los pies y la hinchazón, dolor de artritis de pies, salud general de los pies y rigidez articular se agregaron juntos para obtener la puntuación total. Excelente reverencia se mostró para la puntuación total. La fiabilidad de prueba/reestor fue excelente para la rigidez articular en los dominios de despertar y dolor de artritis. No hubo diferencias significativas entre ningún dominio (p. 0,05). No hubo diferencias estadísticamente significativas (p = 0,000) para las desviaciones medias estándar (DE) entre pre-y post-tests (98.09 x 15.42) [93.75o102.43] y 97.96 x 13.88 [94.5-101.86] puntos, respectivamente). Las parcelas de Bland-Altman o las variaciones clínicamente pertinentes no fueron estadísticamente significativamente diferentes. Conclusiones: La RADAI-F5-es se considera una herramienta válida y fuerte con una repetibilidad adecuada en la comunidad española</subfield>
   </datafield>
   <datafield ind1="8" ind2=" " tag="024">
      <subfield code="a">Martínez-Jiménez EM, Pereiro-Buceta H, Palomo-López P, Navarro-Flores E, Jiménez-Cebrián AM, Losa-Iglesias ME, Becerro-De-Bengoa-Vallejo R, López-López D. Repeatability and Reliability of the Rheumatoid Arthritis Foot Disease Activity Index in Spanish Patients: A Transcultural Adaptation. Biology (Basel). 2021 Dec 26;11(1):30. doi: 10.3390/biology11010030. PMID: 35053028; PMCID: PMC8773273.</subfield>
   </datafield>
   <datafield ind1="8" ind2=" " tag="024">
      <subfield code="a">https://hdl.handle.net/10630/39123</subfield>
   </datafield>
   <datafield ind1="8" ind2=" " tag="024">
      <subfield code="a">10.3390/biology11010030</subfield>
   </datafield>
   <datafield tag="653" ind2=" " ind1=" ">
      <subfield code="a">Artritis reumatoide</subfield>
   </datafield>
   <datafield tag="653" ind2=" " ind1=" ">
      <subfield code="a">Pies - Enfermedades - Tratamiento</subfield>
   </datafield>
   <datafield ind2="0" ind1="0" tag="245">
      <subfield code="a">Repeatability and Reliability of the Rheumatoid Arthritis Foot Disease Activity Index in Spanish Patients: A Transcultural Adaptation</subfield>
   </datafield>
</record>
</metadata></record></GetRecord></OAI-PMH>